MARC

LEADER 00000nam0a2200000 4500
001 209309
005 20231101225530.0
010 |a 9780521787239 
035 |a (RuTPU)RU\TPU\book\228632 
035 |a RU\TPU\book\228629 
090 |a 209309 
100 |a 20120210d2008 m y0engy50 ba 
101 0 |a eng 
102 |a GB 
105 |a a j 001zy 
200 1 |a Microbiology and Biotechnology  |f P. Lowrie, S. Wells 
210 |a Cambridge  |c Cambridge University Press  |d 2008 
215 |a 108 p.  |c il. 
225 1 |a Advanced Sciences 
320 |a Glossary: p. 103-106. 
320 |a Index: p. 107-108. 
606 1 |a Микробиология  |2 stltpush  |3 (RuTPU)RU\TPU\subj\42262  |9 61949 
606 1 |a Биотехнология  |2 stltpush  |3 (RuTPU)RU\TPU\subj\28764  |9 52257 
610 1 |a микробиологические исследования 
610 1 |a микробиологические процессы 
610 1 |a микробиологические технологии 
610 1 |a биотехносфера 
610 1 |a биотехнические системы 
610 1 |a английский язык 
675 |a 579  |v 3 
675 |a 60  |v 3 
700 1 |a Lowrie  |b P.  |g Pauline 
701 1 |a Wells  |b S.  |g Susan 
801 1 |a RU  |b 63413507  |c 20120210 
801 2 |a RU  |b 63413507  |c 20220802  |g RCR 
942 |c BK